01015 a2200169 45000010006000000050017000060080041000230030015000640400040000790800149001192450037002682640028003053000019003335050461003520410008008131000024008215422320260407155812.0260407a1974 arg spa dAR-UNSa-BCEJYS aAR-UNSa-BCEJYSbspacAR-UNSa-BCEJYS a336.748xPrecios del cambio de monedas. Movimientos de los precios de cambio. Fluctuaciones en los precios de cambio (Inflación, Deflación) 10aLa inflaciónpdesastre mundial 1aMéxico :bDianac1974 a247 p.c23 cm. a1. Introducción – 2. Las raíces de la inflación moderna – 3. Las décadas de 1950 y 1960: Revisión general – 4. Una ojeada más cuidadosa al mundo de la inflación persistente: Síntomas y efectos económicos – 5. Una ojeada más cuidadosa al mundo de la inflación persistente: Efectos sociales y políticos – 6. La inflación persistente y el sistema monetario internacional – 7. La solución de la inflación persistente.  aspa1 aFriedman, Irving S.